The Square Buttes coal field, Oliver and Mercer Counties, North Dakota, (Record no. 29342)

MARC details
000 -LEADER
fixed length control field 01217cam a22003251a 4500
001 - CONTROL NUMBER
control field gs 59000158
003 - CONTROL NUMBER IDENTIFIER
control field DLC
005 - DATE AND TIME OF LATEST TRANSACTION
control field 20260227111407.0
008 - FIXED-LENGTH DATA ELEMENTS--GENERAL INFORMATION
fixed length control field 780819s1959 dcuab b f001 0 eng
010 ## - LIBRARY OF CONGRESS CONTROL NUMBER
LC control number gs 59000158
035 ## - SYSTEM CONTROL NUMBER
System control number (OCoLC)4153927
040 ## - CATALOGING SOURCE
Original cataloging agency DLC
Transcribing agency OClU
Modifying agency DNAL
-- DLC
042 ## - AUTHENTICATION CODE
Authentication code premarc
050 00 - LIBRARY OF CONGRESS CALL NUMBER
Classification number QE75
Item number .B9 no. 1076
051 ## - LIBRARY OF CONGRESS COPY, ISSUE, OFFPRINT STATEMENT
Classification number TN805.N9
Item number J6
Copy information Copy 2.
070 0# - NATIONAL AGRICULTURAL LIBRARY CALL NUMBER
Classification number 407
Item number G29B no.1076
072 0# - SUBJECT CATEGORY CODE
Subject category code X400
-- P100
082 ## - DEWEY DECIMAL CLASSIFICATION NUMBER
Classification number 553.22
100 1# - MAIN ENTRY--PERSONAL NAME
Personal name Johnson, William David,
Dates associated with a name 1923-
245 14 - TITLE STATEMENT
Title The Square Buttes coal field, Oliver and Mercer Counties, North Dakota,
Statement of responsibility, etc. by William D. Johnson, Jr. and Robert P. Kunkel.
260 ## - PUBLICATION, DISTRIBUTION, ETC.
Place of publication, distribution, etc. Washington,
Name of publisher, distributor, etc. U.S. Govt. Print. Off.,
Date of publication, distribution, etc. 1959.
300 ## - PHYSICAL DESCRIPTION
Extent v, 91 p.
Other physical details illus., maps (part fold. col.) profiles, tables.
Dimensions 24 cm.
410 10 - SERIES STATEMENT/ADDED ENTRY--CORPORATE NAME [OBSOLETE, CAN/MARC], [LOCAL, USA]
Corporate name or jurisdiction name as entry element United States.
Subordinate unit Geological Survey.
Title of a work Bulletin
Volume number/sequential designation 1076
500 ## - GENERAL NOTE
General note Part of illustrative matter in pocket.
500 ## - GENERAL NOTE
General note "Prepared as part of a program of the Department of the Interior for development of the Missouri River Basin."
504 ## - BIBLIOGRAPHY, ETC. NOTE
Bibliography, etc. note Bibliography: p. 88-90.
650 #0 - SUBJECT ADDED ENTRY--TOPICAL TERM
Topical term or geographic name entry element Coal
Geographic subdivision North Dakota.
650 #0 - SUBJECT ADDED ENTRY--TOPICAL TERM
Topical term or geographic name entry element Geology, Economic
Geographic subdivision North Dakota.
700 1# - ADDED ENTRY--PERSONAL NAME
Personal name Kunkel, Robert Paul,
Dates associated with a name 1926-
Relator term joint author.

No items available.

Powered by Koha